000 01028nam a22003137a 4500
003 CHAP
005 20220329135047.0
008 971013s1981 r 00010 d
010 _a30303
011 _a31275
035 _a35387
040 _cCHAP
082 _a633.15
_bC64 1980
110 _aCorn & Sorghum Industry Research Conference. Annual (
_n35
_c: 1980
_c: Chicago, Ill.)
_928015
245 _aReport
260 _aWashington :
_bAmerican Seed Trade Association,
_c(1981?)
300 _a289 p.
_b: ilus. ; gráfs.
490 _aPublications
_v; 35
590 _aBATCH-UPD
_b10
_c20130110
_lUCH01
_h1449
590 _aBATCH-UPD
_b10
_c20130410
_lUCH01
_h0917
590 _aBATCH-UPD
_b10
_c20130914
_lUCH01
_h1749
590 _aCONVERSION
_b10
_c20130109
_lUCH01
_h1317
650 1 4 _aMaíz
_xInvestigación.
_970984
650 1 4 _aSorgo
_xInvestigación.
_9108686
830 0 _aPublications
_v; 35
_992804
901 _aBK
942 _cLIBRO
949 _a633.15 C64 1980
_bBC
_cLIBRO
_d33724000191334
_eLIBRO
_h54811
_i35387
_mD
_sb
999 _c30303
_d30303